MARC

LEADER 00000nam0a2200000 4500
001 129004
005 20231101220141.0
035 |a (RuTPU)RU\TPU\book\139599 
090 |a 129004 
100 |a 20080117d1974 k y0rusy50 ca 
101 0 |a rus 
102 |a RU 
105 |a a d 001zy 
200 1 |a Двигатели внутреннего сгорания  |f Научно-исследовательский институт информации по тяжелому, энергетическому и транспортному машиностроению 
210 |a Москва  |c НИИИНФОРМТЯЖМАШ  |d 1974 
215 |a 45 с.  |c ил. 
225 1 |a Реферативная информация  |v 4-74-12 
320 |a Библиогр. в конце ст. 
610 1 |a двигатели внутреннего сгорания 
610 1 |a рефераты 
675 |a 621.43  |v 3 
712 0 2 |a Научно-исследовательский институт информации по тяжелому, энергетическому и транспортному машиностроению  |2 stltpush  |3 (RuTPU)RU\TPU\col\8030  |9 24456 
801 1 |a RU  |b 63413507  |c 20080117  |g PSBO 
801 2 |a RU  |b 63413507  |c 20230220  |g PSBO 
942 |c BK